Art materials and terms used (Record no. 8253)

000 -LEADER
fixed length control field 00241nam a2200109 4500
003 - CONTROL NUMBER IDENTIFIER
control field OSt
005 - DATE AND TIME OF LATEST TRANSACTION
control field 20201008121648.0
008 - FIXED-LENGTH DATA ELEMENTS--GENERAL INFORMATION
fixed length control field 201008b ||||| |||| 00| 0 eng d
082 ## - DEWEY DECIMAL CLASSIFICATION NUMBER
Classification number 707
Item number HAL
245 ## - TITLE STATEMENT
Title Art materials and terms used
942 ## - ADDED ENTRY ELEMENTS (KOHA)
Source of classification or shelving scheme
Holdings
Withdrawn status Lost status Source of classification or shelving scheme Damaged status Koha normalized classification for sorting Not for loan Permanent location Current location Date acquired Full call number Barcode Date last seen Price effective from Koha item type
        707_000000000000000_HAL   BMS College of Architecture, Design and Planning BMS College of Architecture, Design and Planning 2020-10-08 707 HAL CL-UG21798 2020-10-08 2020-10-08 UG Books from CL
Copyright © 2025, The Librarian, Library and Information Centre, BMSCA D&P, Bengaluru. All Rights Reserved
web counter

Powered by Koha